000 00656nam a22001697a 4500
005 20251108174521.0
008 250721s2007 xx 000 0 ara d
082 1 4 _a929.2567/مشه
100 1 _aالمشهور، أبي بكر العدني ابن علي بن أبي بكر
_eمؤلف
245 1 0 _aالطرف الأحور في تاريخ مخلاف أحور :
_bالعوالق في التاريخ /
264 1 _aصنعاء :
_bمركز الإبداع الثقافي للدراسات و خدمات التراث،
_c2007.
300 _aج.1.
650 1 7 _aالقباال العربيه
650 1 7 _aاليمن
942 _2ddc
_cBK
999 _c111181
_d111181